01128nam a2200253 a 450000100100000000500170001000800410002702000150006804000250008308200200010810000410012824501000016926000360026930000210030550000730032659000270039965000650042665000600049165000310055191000370058295201170061995201230073699900150085900000757320240412074205.0090909s1997 dr 000 p spa d a8484002500 aDO-SdBNPbspacBNPHU aRD861.44bP438a1 aPérez Ferreras, Juan Solano92102110aAntología de poetas y escritores de la provincia de Bahoruco /cJuan Solano Pérez Ferreras. aSanto Domingo :bTaller,c1997. a181 p. ;c23 cm. aIncluye referencias bibliográficas y notas al pie de las páginas aInventariado, 2020 /LP 4aPoesía dominicanazRepública Dominicana, Bahoruco921022 4aPoetas dominicanosxCrítica e interpretación921023 0aLiteratura dominicana.967 aValidado. Control de calidad MFF 0010718PDaPDbPDcHDd2009-09-09iLF1l0oRD861.44 P438ap7573-10r2020-06-25w2020-06-25yLFPDZNo se presta 0010718PDaPDbPDcHDd2009-09-09iLF1l0oRD861.44 P438ap7573-20r2020-06-25te. 2w2020-06-25yLFPDZNo se presta c7354d7354